Animal Crossing: New Horizons - Alle Insektenarten - Statistiken

Allgemein
  • Dieses Quiz wurde 95 mal gespielt
  • Das Durchschnittsergebnis liegt bei 28 aus 80
Antwortstatistiken
Antwort % Korrekt
Spinne
72%
Wespe
72%
Zitronenfalter
72%
Skorpion
69%
Vogelspinne
67%
Fliege
66%
Kohlweißling
62%
Marienkäfer
62%
Ameise
60%
Mücke
59%
Motte
57%
Grashüpfer
55%
Hirschkäfer
53%
Schnecke
53%
Heuschrecke
52%
Honigbiene
50%
Monarchfalter
50%
Floh
48%
Gottesanbeterin
48%
Grille
48%
Himmelsfalter
48%
Schwalbenschwanz
47%
Feuerlibelle
43%
Mistkäfer
43%
Nashornkäfer
41%
Elefantenkäfer
40%
Goliathkäfer
40%
Kugelassel
38%
Orchideenmantis
38%
Stinkwanze
38%
Königslibelle
34%
Wasserläufer
34%
Einsiedlerkrebs
33%
Nasenschrecke
33%
Quelljungfer
33%
Stabschrecke
33%
Gesichtswanze
31%
Hundertfüßer
31%
Riesenzikade
31%
Abendzikade
29%
Atlaskäfer
29%
Atlasspinner
28%
Bergzikade
28%
Maulwurfsgrille
28%
Ritterfalter
28%
Weiße Baumnymphe
28%
Agrias-Falter
26%
Blattschrecke
26%
Fichtenbock
26%
Kolibrifalter
26%
Leuchtkäfer
26%
Sandlaufkäfer
26%
Singgrille
26%
Herkuleskäfer
24%
Japan-Schillerfalter
24%
Regenbogenfalter
24%
Riesen-Hirschkäfer
24%
Sackträger
24%
Schwimmkäfer
24%
Vogelfalter
24%
Alpenbock
21%
Prachtkäfer
21%
Sägezahn-Hirschkäfer
21%
Troides brookiana
21%
Zikadenlarvenhaut
21%
Braunzikade
19%
Geigenkäfer
19%
Giraffenhirschkäfer
19%
Gold-Mistkäfer
19%
Goldskarabäus
19%
Japan-Rosenkäfer
19%
Ligia exotica
19%
Riesenwanze
19%
Wanderschrecke
19%
Allotopus rosenbergi
17%
Cyclommatus
17%
Hyalessa-Zikade
16%
Pracht-Hirschkäfer
16%
Wasserjungfer
16%
Blaurüsselkäfer
10%
Keine übereinstimmenden Quizze gefunden
Verteilung der Resultate
Anzahl Personen mit jedem Resultat
Perzentil nach korrekt beantworteten Fragen
Ihre Resultats-Entwicklung
Sie haben dieses Quiz noch nicht gespielt